| 000 | 00747njm a2200265Ia 4500 | ||
|---|---|---|---|
| 001 | 24119 | ||
| 003 | IT-RoPAU | ||
| 005 | 20220918181129.0 | ||
| 008 | 131025s9999 xx 000 0 und d | ||
| 040 | _aIT-RoPAU | ||
| 040 | _cIT-RoPAU | ||
| 999 |
_c100419 _d100419 |
||
| 999 | _bn.d. | ||
| 100 |
_aDemus Jorg _98946 |
||
| 100 |
_eAutore musica _98947 |
||
| 100 |
_gCodice autore musica SPICS: 8012 _98948 |
||
| 245 | _aStrumenti dei maestri: Hammerflugel | ||
| 250 | _a1a ed. | ||
| 260 | _aROMA | ||
| 260 |
_bSPICS RECORDS _c1983 [1a Ed.:1983 - Ed. Lingua Orig.: 1983] |
||
| 300 | _aMUSICASSETTA | ||
| 300 | _c55 minuti (Testo: pag.) | ||
| 500 | _aMusica strumentale. | ||
| 650 |
_aSTRUMENTALE [CASSETTE] _eCodice MATERIA SPICS: 9951 _91218 |
||
| 942 |
_cMC _2ddc |
||